[Event "Figueira da Foz op"]
[Site "Figueira da Foz POR"]
[Date "2018.11.01"]
[Round "6.8"]
[White "Piasetski, Leon"]
[Black "Garcia Dorado, Alberto"]
[Result "1/2-1/2"]
[WhiteElo "2252"]
[BlackElo "2206"]
[PlyCount "108"]
[GameId "2130307614575797"]
[EventDate "2018.10.28"]
[EventType "swiss"]
[EventRounds "9"]
[EventCountry "POR"]
[SourceTitle "10 Days #560"]
[Source "ChessMix"]
[SourceDate "2018.11.10"]
[SourceVersion "1"]
[SourceVersionDate "2018.11.10"]
[SourceQuality "1"]

1. Nf3 d5 2. g3 Bg4 3. Bg2 Nd7 4. d3 e6 5. Nbd2 c6 6. h3 Bh5 7. O-O Ngf6 8. b3 Bd6 9. Bb2 O-O 10. c4 Qe7 11. a3 a5 12. Qc2 e5 13. e4 dxe4 14. dxe4 Bxf3 15. Nxf3 Rfd8 16. Rfd1 Ne8 17. Rd2 f6 18. Rad1 Bc7 19. b4 axb4 20. axb4 c5 21. bxc5 Nxc5 22. Rd5 Bb6 23. Qb1 Qc7 24. Bc3 Rxd5 25. exd5 Na4 26. Be1 Nd6 27. Rc1 Nc5 28. Nd2 f5 29. Nb3 e4 30. Nxc5 Qxc5 31. Kh2 Ba5 32. Qa1 Ra6 33. Bxa5 Rxa5 34. Qe5 Ra8 35. g4 Re8 36. Qf4 fxg4 37. hxg4 Nxc4 38. Bxe4 b5 39. Kg2 g6 40. Bf3 Rf8 41. Qe4 Qd6 42. Qe6+ Qxe6 43. dxe6 Kg7 44. Bc6 Kf6 45. Bxb5 Ne5 46. Rc7 Kxe6 47. Rxh7 Rb8 48. Be2 Rb2 49. Bf3 Kf6 50. Ra7 Nxf3 51. Kxf3 Rb3+ 52. Kg2 g5 53. Ra5 Rb4 54. Kg3 Rb3+ 1/2-1/2

[Event "Figueira da Foz op"]
[Site "Figueira da Foz POR"]
[Date "2018.11.02"]
[Round "7.10"]
[White "Lisowski, Krzysztof"]
[Black "Piasetski, Leon"]
[Result "0-1"]
[WhiteElo "2095"]
[BlackElo "2252"]
[PlyCount "110"]
[GameId "2130307614575822"]
[EventDate "2018.10.28"]
[EventType "swiss"]
[EventRounds "9"]
[EventCountry "POR"]
[SourceTitle "10 Days #560"]
[Source "ChessMix"]
[SourceDate "2018.11.10"]
[SourceVersion "1"]
[SourceVersionDate "2018.11.10"]
[SourceQuality "1"]

1. e4 c6 2. d4 d5 3. exd5 cxd5 4. Bd3 Nc6 5. c3 Qc7 6. Ne2 Bg4 7. O-O e6 8. f3 Bh5 9. Qe1 Bg6 10. Bf4 Bd6 11. Bxd6 Qxd6 12. Bxg6 hxg6 13. Qg3 Qe7 14. b4 Nh6 15. Nd2 Nf5 16. Qf2 O-O-O 17. Nb3 Qc7 18. h3 Nd6 19. a4 Kd7 20. Nc5+ Ke7 21. Qg3 b6 22. Nd3 Rc8 23. Rae1 Nf5 24. Qg5+ Kf8 25. Nef4 Qe7 26. Qxe7+ Ncxe7 27. Rc1 g5 28. Ne2 Ng6 29. Ra1 Ke7 30. Rfb1 Nf4 31. Ndxf4 gxf4 32. Rb3 g5 33. Kf2 Rc7 34. a5 b5 35. Nc1 Rhc8 36. Ne2 a6 37. Rd1 Ng3 38. Rd3 Nxe2 39. Kxe2 Kd6 40. Kd2 f6 41. Rb1 e5 42. dxe5+ fxe5 43. Re1 Rc4 44. Rd1 d4 45. cxd4 exd4 46. Ke2 Kd5 47. Rb1 Rc2+ 48. Rd2 R8c3 49. h4 gxh4 50. Rh1 d3+ 51. Ke1 Kd4 52. Rxh4 Ke3 53. Rh6 Rc1+ 54. Rd1 d2+ 55. Kf1 Rxd1# 0-1

[Event "Figueira da Foz op"]
[Site "Figueira da Foz POR"]
[Date "2018.11.03"]
[Round "8.6"]
[White "Piasetski, Leon"]
[Black "Martin Duque, Jesus"]
[Result "1-0"]
[WhiteElo "2252"]
[BlackElo "2354"]
[PlyCount "97"]
[GameId "2130307614575843"]
[EventDate "2018.10.28"]
[EventType "swiss"]
[EventRounds "9"]
[EventCountry "POR"]
[SourceTitle "10 Days #560"]
[Source "ChessMix"]
[SourceDate "2018.11.10"]
[SourceVersion "1"]
[SourceVersionDate "2018.11.10"]
[SourceQuality "1"]

1. Nf3 b6 2. g3 Bb7 3. Bg2 c5 4. O-O g6 5. c4 Bg7 6. Nc3 Nf6 7. d4 Ne4 8. Nxe4 Bxe4 9. d5 b5 10. Ne1 Bxg2 11. Nxg2 O-O 12. Bd2 b4 13. Qc1 d6 14. Bh6 Nd7 15. Bxg7 Kxg7 16. e4 Nf6 17. Qc2 Qc7 18. Rad1 Rae8 19. Rd2 Qd7 20. f3 h5 21. Qd3 Rh8 22. Re1 Qc7 23. h3 Qd7 24. Kh2 Qc7 25. Qe3 e5 26. dxe6 Rxe6 27. Nf4 Re7 28. Kg2 Rd8 29. Red1 Re5 30. b3 a5 31. Nd3 Ree8 32. Nf4 Qc6 33. g4 hxg4 34. hxg4 Rh8 35. Kg3 Qe8 36. e5 Nd7 37. Rxd6 Qe7 38. Ng2 Rhe8 39. f4 Nf8 40. Qxc5 g5 41. Qd5 Rxd6 42. exd6 gxf4+ 43. Nxf4 Qe3+ 44. Qf3 Qe5 45. Kg2 Ng6 46. Nxg6 fxg6 47. Rf1 Qe6 48. c5 Rc8 49. d7 1-0

[Event "Figueira da Foz op"]
[Site "Figueira da Foz POR"]
[Date "2018.11.04"]
[Round "9.5"]
[White "Veiga, Jose Francisco RP"]
[Black "Piasetski, Leon"]
[Result "1-0"]
[WhiteElo "2272"]
[BlackElo "2252"]
[PlyCount "105"]
[GameId "2130307614579960"]
[EventDate "2018.10.28"]
[EventType "swiss"]
[EventRounds "9"]
[EventCountry "POR"]
[SourceTitle "10 Days #560"]
[Source "ChessMix"]
[SourceDate "2018.11.10"]
[SourceVersion "1"]
[SourceVersionDate "2018.11.10"]
[SourceQuality "1"]

1. e4 g6 2. d4 Bg7 3. Nc3 d6 4. Be3 a6 5. h4 h6 6. Qd2 b5 7. f3 Nd7 8. O-O-O Bb7 9. d5 c5 10. dxc6 Bxc6 11. Bd4 Bxd4 12. Qxd4 Ngf6 13. g4 Qb6 14. Qd2 b4 15. Nd5 Bxd5 16. exd5 Qc5 17. Nh3 Ne5 18. g5 Nh5 19. f4 Nf3 20. Qd3 Nxh4 21. Be2 Ng7 22. gxh6 Ngf5 23. Rd2 Qe3 24. Qc4 O-O 25. Ng5 Ng2 26. Bd3 Rfc8 27. Qxb4 Nxf4 28. Bxf5 gxf5 29. Kb1 Rab8 30. Qd4 Qxd4 31. Rxd4 Ng6 32. Rf1 f4 33. Nh3 Rc3 34. Nxf4 Rg3 35. Nxg6 Rxg6 36. h7+ Kg7 37. Rh4 Rh8 38. Rhf4 f6 39. Re1 Kf8 40. Rh4 Rg7 41. Reh1 Rg5 42. c4 Rg3 43. b4 a5 44. b5 Ke8 45. R1h3 Rg1+ 46. Kb2 Rg2+ 47. Kb3 Kd7 48. Rh2 Rg1 49. Ka4 Kc7 50. Re2 Rg7 51. Kxa5 Rhxh7 52. Rxh7 Rxh7 53. Ka6 1-0

[Event "Teplice op"]
[Site "Teplice CZE"]
[Date "2018.06.17"]
[Round "2.7"]
[White "Turov, Maxim"]
[Black "Piasetski, Leon"]
[Result "1-0"]
[WhiteElo "2600"]
[BlackElo "2257"]
[PlyCount "77"]
[GameId "2130307619543781"]
[EventDate "2018.06.16"]
[EventType "swiss"]
[EventRounds "9"]
[EventCountry "CZE"]
[SourceTitle "10 Days #547"]
[Source "ChessMix"]
[SourceDate "2018.07.01"]
[SourceVersion "1"]
[SourceVersionDate "2018.07.01"]
[SourceQuality "1"]

1. d4 Nf6 2. c4 d6 3. Nc3 g6 4. e4 Bg7 5. f4 c5 6. d5 O-O 7. Nf3 e6 8. dxe6 Bxe6 9. Bd3 a6 10. f5 Bd7 11. O-O Bc6 12. Bf4 Re8 13. Qc2 Nh5 14. Bg5 Bd4+ 15. Kh1 f6 16. Bd2 Be5 17. Nxe5 dxe5 18. Nd5 Bxd5 19. cxd5 Nd7 20. Be2 Ng7 21. fxg6 hxg6 22. Bg4 Rf8 23. Qb3 b5 24. Qh3 Ra7 25. Be3 Rc7 26. Qh6 f5 27. exf5 gxf5 28. Bxf5 Nxf5 29. Rxf5 Rxf5 30. Qg6+ Kh8 31. Qxf5 Qf6 32. Qh3+ Kg7 33. Kg1 Nf8 34. Rf1 Qd6 35. Qg4+ Ng6 36. h4 Kh8 37. Bg5 Nf4 38. Rxf4 exf4 39. Bxf4 1-0

[Event "Portu Mannu op"]
[Site "Porto Mannu ITA"]
[Date "2018.06.09"]
[Round "9.10"]
[White "Tencati, Giuseppe"]
[Black "Piasetski, Leon"]
[Result "1/2-1/2"]
[WhiteElo "2111"]
[BlackElo "2257"]
[PlyCount "56"]
[GameId "2130307619815891"]
[EventDate "2018.06.02"]
[EventType "swiss"]
[EventRounds "9"]
[EventCountry "ITA"]
[SourceTitle "The Week in Chess 1231"]
[Source "Mark Crowther"]
[SourceDate "2018.06.11"]
[SourceVersion "2"]
[SourceVersionDate "2018.06.12"]
[SourceQuality "2"]

1. d4 f5 2. g3 Nf6 3. Bg2 d6 4. Nc3 d5 5. Bf4 c6 6. Nf3 e6 7. e3 Be7 8. h4 O-O 9. Ne2 Nbd7 10. Nc1 Ng4 11. Nd3 Bf6 12. c3 Re8 13. Qb3 e5 14. Ndxe5 Ndxe5 15. Nxe5 Nxe5 16. Bxe5 Bxe5 17. dxe5 Rxe5 18. O-O Qf6 19. Rad1 h6 20. Rd4 Kh7 21. Rfd1 Re7 22. a4 Be6 23. Qa3 Bf7 24. a5 a6 25. Qc5 Rae8 26. b3 Qe5 27. Rb4 Kg8 28. Rdd4 Qc7 1/2-1/2

[Event "BCC op"]
[Site "Regent Cha-am TAI"]
[Date "2018.04.13"]
[Round "1.43"]
[White "Wongsawan, Thoetsak"]
[Black "Piasetski, Leon"]
[Result "1/2-1/2"]
[WhiteElo "1812"]
[BlackElo "2269"]
[PlyCount "56"]
[GameId "2130307621183144"]
[EventDate "2018.04.13"]
[EventType "swiss"]
[EventRounds "9"]
[EventCountry "THA"]
[SourceTitle "10 Days #541"]
[Source "ChessMix"]
[SourceDate "2018.05.01"]
[SourceVersion "1"]
[SourceVersionDate "2018.05.01"]
[SourceQuality "1"]

1. e4 c5 2. Nf3 Nc6 3. d4 cxd4 4. Nxd4 Qb6 5. Nb3 Nf6 6. Nc3 e6 7. Be3 Qc7 8. Bd3 Ne5 9. f4 Nxd3+ 10. Qxd3 Bb4 11. O-O Bxc3 12. bxc3 d5 13. e5 Ne4 14. Bd4 Bd7 15. Nd2 Nc5 16. Qe3 b6 17. c4 dxc4 18. Nxc4 O-O 19. Bxc5 Qxc5 20. Qxc5 bxc5 21. Rf3 Rab8 22. a3 Rfc8 23. Rc3 Rc7 24. Rd1 Kf8 25. Kf2 Ke7 26. h4 h5 27. Rg3 g6 28. Rc3 Ba4 1/2-1/2

[Event "BCC op"]
[Site "Regent Cha-am TAI"]
[Date "2018.04.15"]
[Round "3.19"]
[White "Piasetski, Leon"]
[Black "Tran Tuan Minh"]
[Result "0-1"]
[WhiteElo "2269"]
[BlackElo "2514"]
[PlyCount "66"]
[GameId "2130307621187322"]
[EventDate "2018.04.13"]
[EventType "swiss"]
[EventRounds "9"]
[EventCountry "THA"]
[SourceTitle "10 Days #541"]
[Source "ChessMix"]
[SourceDate "2018.05.01"]
[SourceVersion "1"]
[SourceVersionDate "2018.05.01"]
[SourceQuality "1"]

1. Nf3 Nf6 2. c4 b6 3. g3 Bb7 4. Bg2 e6 5. O-O Be7 6. Nc3 O-O 7. Re1 d5 8. cxd5 Nxd5 9. Nxd5 exd5 10. d4 Nd7 11. Bf4 c5 12. Ne5 Nxe5 13. Bxe5 Qd7 14. dxc5 bxc5 15. e3 Rad8 16. Qe2 Rfe8 17. Rad1 Bf8 18. Bc3 d4 19. Ba5 Rb8 20. b3 Bxg2 21. Kxg2 Qb7+ 22. Qf3 Qa6 23. Bc7 Rb7 24. Bf4 Rbe7 25. Rd2 g6 26. Rc1 Re4 27. Rc4 Qf6 28. exd4 cxd4 29. Rd3 Bg7 30. Qxe4 Rxe4 31. Rc8+ Bf8 32. Bh6 Re8 33. Rxe8 Qc6+ 0-1

[Event "BCC op"]
[Site "Regent Cha-am TAI"]
[Date "2018.04.16"]
[Round "4.41"]
[White "He, Yichen"]
[Black "Piasetski, Leon"]
[Result "0-1"]
[WhiteElo "1966"]
[BlackElo "2269"]
[PlyCount "112"]
[GameId "2130307621191487"]
[EventDate "2018.04.13"]
[EventType "swiss"]
[EventRounds "9"]
[EventCountry "THA"]
[SourceTitle "10 Days #541"]
[Source "ChessMix"]
[SourceDate "2018.05.01"]
[SourceVersion "1"]
[SourceVersionDate "2018.05.01"]
[SourceQuality "1"]

1. d4 g6 2. c4 Bg7 3. Nc3 c5 4. d5 Bxc3+ 5. bxc3 f5 6. Nf3 d6 7. Qc2 Nf6 8. Bf4 Qa5 9. Nd2 Nbd7 10. e3 Ne5 11. Bd3 Bd7 12. Nb3 Qc7 13. h3 e6 14. Bg5 O-O 15. Bxf6 Rxf6 16. f4 Nxd3+ 17. Qxd3 e5 18. O-O g5 19. fxg5 Rg6 20. h4 e4 21. Qe2 h6 22. gxh6 Kh7 23. Rf2 Rag8 24. Raf1 Qd8 25. Rf4 Qf6 26. R1f2 Qxc3 27. Nd2 Qa1+ 28. Qf1 Qxf1+ 29. Nxf1 Kxh6 30. Rb2 a6 31. a4 Bxa4 32. Rxf5 Bd7 33. Rf7 Bh3 34. Rff2 b5 35. cxb5 axb5 36. Kh1 Bd7 37. Ra2 b4 38. Ra7 Bb5 39. Nd2 Bd3 40. Rb7 R8g7 41. Rb8 Rg4 42. Rf6+ R7g6 43. Rh8+ Kg7 44. Rxg6+ Rxg6 45. Rb8 Rg4 46. Rb6 Rxh4+ 47. Kg1 Kf6 48. Rxd6+ Ke5 49. Rd8 Rh6 50. g4 c4 51. Rb8 b3 52. Kg2 Kxd5 53. Kg3 Ra6 54. g5 b2 55. Rb5+ Kc6 56. Rf5 c3 0-1

[Event "BCC op"]
[Site "Regent Cha-am TAI"]
[Date "2018.04.17"]
[Round "5.28"]
[White "Priyanka, Kumari"]
[Black "Piasetski, Leon"]
[Result "0-1"]
[WhiteElo "2057"]
[BlackElo "2269"]
[PlyCount "164"]
[GameId "2130307621191530"]
[EventDate "2018.04.13"]
[EventType "swiss"]
[EventRounds "9"]
[EventCountry "THA"]
[SourceTitle "10 Days #541"]
[Source "ChessMix"]
[SourceDate "2018.05.01"]
[SourceVersion "1"]
[SourceVersionDate "2018.05.01"]
[SourceQuality "1"]

1. e4 g6 2. d4 Bg7 3. Nc3 d6 4. Nf3 Nf6 5. h3 c6 6. a4 a5 7. Bc4 Nxe4 8. Bxf7+ Kxf7 9. Nxe4 Rf8 10. O-O Kg8 11. Re1 Na6 12. Bg5 h6 13. Be3 Nb4 14. c3 Nd5 15. Ng3 Qe8 16. Nh2 Qf7 17. Qd2 Kh7 18. Re2 Be6 19. b3 Nxe3 20. Qxe3 Bxb3 21. Qxe7 Bc4 22. Qxf7 Rxf7 23. Rb2 Re8 24. Nhf1 c5 25. Rd1 Rfe7 26. Ne3 Ba6 27. Rb6 Rxe3 28. fxe3 Rxe3 29. dxc5 dxc5 30. Kf2 Re7 31. Rc1 h5 32. h4 Bd3 33. Rd6 c4 34. Rd5 Bh6 35. Rd1 Rf7+ 36. Kg1 Be3+ 37. Kh2 Rf4 38. Kh3 Bf2 39. Re5 b6 40. Re7+ Kh6 41. Rd2 Bc5 42. Re5 Rg4 43. Rb2 Bd6 44. Re3 Bc7 45. Rf2 Bd8 46. Kh2 Bxh4 47. Rf7 Bg5 48. Ref3 h4 49. Nf1 Re4 50. Rd7 Re1 51. Rf8 Kh5 52. Rdf7 Bf5 53. Rxf5 gxf5 54. Rxf5 Kg4 55. Rf3 Bf4+ 56. Kg1 Ra1 57. Kf2 Ra2+ 58. Kg1 Rxa4 59. Ne3+ Bxe3+ 60. Rxe3 Ra1+ 61. Kh2 Kf4 62. Re6 Rb1 63. Rh6 Kg5 64. Rh8 b5 65. Ra8 a4 66. Rg8+ Kf4 67. Ra8 Ke3 68. Kh3 Rh1+ 69. Kg4 Kd3 70. Ra5 Kxc3 71. Rxb5 a3 72. Ra5 Kb4 73. Ra8 c3 74. Rb8+ Kc4 75. Rc8+ Kb3 76. Rb8+ Kc2 77. Ra8 Kb2 78. Rb8+ Kc1 79. Ra8 c2 80. Ra7 a2 81. Ra8 Kb1 82. Rb8+ Ka1 0-1

[Event "Wch Senior 65+"]
[Site "Acqui Terme ITA"]
[Date "2017.11.16"]
[Round "9.19"]
[White "Piasetski, Leon"]
[Black "Pashayan, Genrikh"]
[Result "1-0"]
[WhiteElo "2269"]
[BlackElo "1953"]
[PlyCount "77"]
[GameId "2130307625505448"]
[EventDate "2017.11.07"]
[EventType "swiss"]
[EventRounds "11"]
[EventCountry "ITA"]

1. Nf3 d5 2. g3 Nf6 3. Bg2 g6 4. c4 c6 5. b3 Bg7 6. Bb2 O-O 7. O-O Re8 8. Qc2 a5 9. d3 Na6 10. a3 Qb6 11. Nbd2 Bg4 12. Rab1 Bxf3 13. Nxf3 e6 14. e3 c5 15. Rfc1 Qd6 16. Be5 Qe7 17. Qb2 Rac8 18. d4 Red8 19. cxd5 exd5 20. Bf1 cxd4 21. Bxa6 bxa6 22. Bxd4 Ne8 23. Ne5 Qb7 24. Nd3 Qb5 25. Nc5 Rc6 26. a4 Qb8 27. Rc2 Rdc8 28. Rbc1 Qb4 29. Bxg7 Nxg7 30. Ne6 fxe6 31. Rxc6 Rf8 32. Qe5 Qg4 33. Rc7 Nh5 34. Rc8 Qf3 35. Qxe6+ Kg7 36. Rxf8 Qxf8 37. Rc7+ Kh6 38. Qxd5 Qb4 39. h4 1-0

[Event "Wch Senior 65+"]
[Site "Acqui Terme ITA"]
[Date "2017.11.17"]
[Round "10.11"]
[White "Hartung Nielsen, Jens"]
[Black "Piasetski, Leon"]
[Result "1-0"]
[WhiteElo "2204"]
[BlackElo "2269"]
[PlyCount "75"]
[GameId "2130307625505459"]
[EventDate "2017.11.07"]
[EventType "swiss"]
[EventRounds "11"]
[EventCountry "ITA"]
[SourceTitle "10 Days #525"]
[Source "Chess Mix"]
[SourceDate "2017.11.20"]
[SourceVersion "1"]
[SourceVersionDate "2017.11.20"]
[SourceQuality "1"]

1. e4 c5 2. d4 cxd4 3. c3 d3 4. Bxd3 Nc6 5. c4 g6 6. Nf3 Bg7 7. O-O d6 8. h3 Nf6 9. Nc3 O-O 10. Be3 Nd7 11. Qd2 Nc5 12. Be2 f5 13. exf5 gxf5 14. Rad1 Ne6 15. Nd5 Qe8 16. Bh6 Qg6 17. Bxg7 Qxg7 18. Rfe1 Bd7 19. Bf1 Rad8 20. Qc3 Qxc3 21. Nxc3 h6 22. Nd5 Kf7 23. b4 Ng5 24. Nd4 e6 25. Nxc6 bxc6 26. Nc3 Rg8 27. Kh2 d5 28. f3 Kf6 29. b5 cxb5 30. cxd5 b4 31. Ne2 Ba4 32. Rd4 a5 33. h4 Nf7 34. dxe6 Ne5 35. e7 Rd7 36. Rxd7 Bxd7 37. Nf4 Nc6 38. Nd5+ 1-0

[Event "Figueira da Foz op"]
[Site "Figueira da Foz POR"]
[Date "2017.10.29"]
[Round "1.16"]
[White "Dias, Jose Oliveira Gaspa"]
[Black "Piasetski, Leon"]
[Result "0-1"]
[WhiteElo "1660"]
[BlackElo "2286"]
[PlyCount "120"]
[GameId "2130307625651028"]
[EventDate "2017.10.29"]
[EventType "swiss"]
[EventRounds "9"]
[EventCountry "POR"]
[SourceTitle "10 Days #524"]
[Source "Chess Mix"]
[SourceDate "2017.11.10"]
[SourceVersion "1"]
[SourceVersionDate "2017.11.10"]
[SourceQuality "1"]

1. e4 g6 2. d4 Bg7 3. c4 d6 4. Nc3 e5 5. Be3 exd4 6. Bxd4 Nf6 7. Be2 Nc6 8. Be3 O-O 9. Qd2 Ng4 10. Bg5 f6 11. Bf4 g5 12. Bg3 f5 13. exf5 Nh6 14. Nf3 g4 15. Ng5 Nd4 16. O-O-O Bxf5 17. h4 Qd7 18. Bd3 Rae8 19. Rhe1 Bxd3 20. Qxd3 Nhf5 21. Kb1 h6 22. Nge4 Nxg3 23. fxg3 c6 24. a3 Qf5 25. Rf1 Qe5 26. Rxf8+ Rxf8 27. Rd2 d5 28. cxd5 cxd5 29. Nc5 Qe7 30. N5a4 Qd7 31. b4 Qc6 32. Ka2 Rc8 33. b5 Qc4+ 34. Qxc4 Rxc4 35. Rd3 Nxb5 36. Nxb5 Rxa4 37. Kb3 Ra6 38. Rxd5 Rb6 39. Kc4 a6 40. Nd6 Bf8 41. Nf5 Bxa3 42. Ne3 Kf7 43. Kd3 Rd6 44. Ke4 Rxd5 45. Kxd5 h5 46. Nc4 Bb4 47. Ne5+ Kf6 48. Nd3 Bd2 49. Nc5 Kf5 50. Nxb7 Bb4 51. Nd8 Be1 52. Nc6 Bxg3 53. Nd4+ Kf6 54. Ne2 Bxh4 55. g3 Bxg3 56. Nxg3 h4 57. Ne2 Kf5 58. Kd4 g3 59. Ke3 Kg4 60. Nd4 h3 0-1

[Event "Figueira da Foz op"]
[Site "Figueira da Foz POR"]
[Date "2017.10.30"]
[Round "2.3"]
[White "Piasetski, Leon"]
[Black "Del Rio de Angelis, Salvador Gabriel"]
[Result "1/2-1/2"]
[WhiteElo "2286"]
[BlackElo "2524"]
[PlyCount "94"]
[GameId "2130307625651036"]
[EventDate "2017.10.29"]
[EventType "swiss"]
[EventRounds "9"]
[EventCountry "POR"]
[SourceTitle "10 Days #524"]
[Source "Chess Mix"]
[SourceDate "2017.11.10"]
[SourceVersion "1"]
[SourceVersionDate "2017.11.10"]
[SourceQuality "1"]

1. Nf3 Nf6 2. g3 d5 3. Bg2 e6 4. O-O Be7 5. d3 c5 6. Nbd2 Nc6 7. e4 b6 8. Re1 Bb7 9. c3 Qc7 10. exd5 Nxd5 11. Nc4 O-O 12. a4 Rad8 13. Qe2 Ba6 14. Ng5 Bxg5 15. Bxg5 Rd7 16. Rad1 Bb7 17. h4 Nce7 18. h5 h6 19. Bc1 Qd8 20. Ne5 Rc7 21. d4 cxd4 22. Rxd4 Nf5 23. Rdd1 Qa8 24. c4 Nf6 25. Bxb7 Qxb7 26. Bf4 Rcc8 27. g4 Ne7 28. g5 hxg5 29. Bxg5 Nf5 30. Bxf6 gxf6 31. Nd7 Kh8 32. Nxf8 Rxf8 33. Qe4 Qc7 34. Rd3 Rg8+ 35. Kh1 Qc5 36. Rf3 Rg5 37. Rg1 Rxh5+ 38. Kg2 Nd6 39. Qa8+ Kh7 40. Rg3 Rg5 41. Qf3 Qe5 42. Kf1 Qxb2 43. Rxg5 Qc1+ 44. Kg2 Qxg5+ 45. Kf1 Qc1+ 46. Kg2 Qg5+ 47. Kf1 Qc1+ 1/2-1/2

[Event "Figueira da Foz op"]
[Site "Figueira da Foz POR"]
[Date "2017.10.31"]
[Round "3.7"]
[White "Gomez, Manuela"]
[Black "Piasetski, Leon"]
[Result "1-0"]
[WhiteElo "2499"]
[BlackElo "2286"]
[PlyCount "73"]
[GameId "2130307625651060"]
[EventDate "2017.10.29"]
[EventType "swiss"]
[EventRounds "9"]
[EventCountry "POR"]
[SourceTitle "10 Days #524"]
[Source "Chess Mix"]
[SourceDate "2017.11.10"]
[SourceVersion "1"]
[SourceVersionDate "2017.11.10"]
[SourceQuality "1"]

1. g3 g6 2. Bg2 Bg7 3. c4 c5 4. Nf3 Nc6 5. O-O d6 6. Nc3 Bf5 7. d3 Qd7 8. Qa4 Bh3 9. Bxh3 Qxh3 10. Nd5 Rc8 11. Rb1 Qd7 12. b4 e6 13. Ne3 b6 14. Nc2 Nge7 15. Rd1 Ne5 16. Qxd7+ Nxd7 17. bxc5 Nxc5 18. Ncd4 O-O 19. Nb5 Rfd8 20. Bg5 f6 21. Be3 Rd7 22. Rdc1 Nf5 23. Bd2 Bh6 24. g4 Bxd2 25. Nxd2 Ng7 26. d4 Nb7 27. Ne4 Ne8 28. Nxa7 Ra8 29. Nc6 Rxa2 30. Nc3 Ra8 31. Rxb6 Nd8 32. Rcb1 Rc7 33. d5 Nxc6 34. Rxc6 Rxc6 35. dxc6 Ra6 36. Rb8 Kf7 37. c7 1-0

[Event "Figueira da Foz op"]
[Site "Figueira da Foz POR"]
[Date "2017.11.01"]
[Round "5.12"]
[White "Piasetski, Leon"]
[Black "Fernandes, Miguel A Murtinho"]
[Result "1/2-1/2"]
[WhiteElo "2286"]
[BlackElo "2007"]
[PlyCount "124"]
[GameId "2130307625655205"]
[EventDate "2017.10.29"]
[EventType "swiss"]
[EventRounds "9"]
[EventCountry "POR"]
[SourceTitle "10 Days #524"]
[Source "Chess Mix"]
[SourceDate "2017.11.10"]
[SourceVersion "1"]
[SourceVersionDate "2017.11.10"]
[SourceQuality "1"]

1. Nf3 d5 2. g3 c5 3. c4 e6 4. Bg2 Nf6 5. O-O Be7 6. cxd5 exd5 7. d4 O-O 8. dxc5 Na6 9. Be3 Nxc5 10. Nc3 Be6 11. Rc1 Nce4 12. Nd4 Qd7 13. Nxe6 Qxe6 14. Nb5 Rac8 15. Qb3 Rc4 16. Nc7 Qd7 17. Nxd5 Rxc1 18. Nxe7+ Qxe7 19. Rxc1 b6 20. Qc4 Re8 21. Qc7 h6 22. Qxe7 Rxe7 23. Rc8+ Kh7 24. Ra8 Rd7 25. Bh3 Rc7 26. Bd4 Ng5 27. Bf5+ g6 28. h4 gxf5 29. hxg5 Ng8 30. gxh6 Nxh6 31. f3 Kg6 32. Kf2 f6 33. Re8 Rc6 34. Re7 a6 35. a4 Rc4 36. Bxb6 Rxa4 37. e3 Rc4 38. Bd4 Rc6 39. Ke2 Nf7 40. f4 Nd8 41. Rd7 Ne6 42. Kd3 Ng7 43. e4 Nh5 44. e5 Nxg3 45. exf6 Nh5 46. Be5 Nxf6 47. Rb7 Ne8 48. Kd4 Nf6 49. b4 Re6 50. Kc5 Kh5 51. Rf7 Ne4+ 52. Kd5 Rb6 53. Rxf5+ Kg4 54. Rf7 Rxb4 55. Ra7 Nf2 56. Rg7+ Kf3 57. f5 Ng4 58. Bd4 Kf4 59. f6 Rxd4+ 60. Kxd4 Nxf6 61. Ra7 Kf5 62. Rxa6 Ng4 1/2-1/2

[Event "Figueira da Foz op"]
[Site "Figueira da Foz POR"]
[Date "2017.11.03"]
[Round "7.17"]
[White "Godinho Marques, Pedro"]
[Black "Piasetski, Leon"]
[Result "0-1"]
[WhiteElo "1901"]
[BlackElo "2286"]
[PlyCount "78"]
[GameId "2130307625659347"]
[EventDate "2017.10.29"]
[EventType "swiss"]
[EventRounds "9"]
[EventCountry "POR"]
[SourceTitle "10 Days #524"]
[Source "Chess Mix"]
[SourceDate "2017.11.10"]
[SourceVersion "1"]
[SourceVersionDate "2017.11.10"]
[SourceQuality "1"]

1. Nf3 Nf6 2. d4 e6 3. Bf4 Be7 4. h3 Nh5 5. Bh2 f5 6. e3 O-O 7. Ne5 Nf6 8. Bd3 d6 9. Nf3 Nc6 10. c3 Ne4 11. Nbd2 d5 12. O-O Bd6 13. Ne5 Nxe5 14. Bxe5 Bxe5 15. dxe5 c6 16. Rb1 b6 17. Kh2 a5 18. f3 Nc5 19. Be2 g5 20. f4 Ra7 21. Rf3 Rg7 22. Rg3 Kh8 23. b4 axb4 24. cxb4 Ne4 25. Nxe4 fxe4 26. Qe1 Qc7 27. Qc1 Rfg8 28. Rb3 gxf4 29. exf4 d4 30. Rxg7 Qxg7 31. g4 Qf7 32. Kg3 Rf8 33. Qf1 Qa7 34. a3 d3 35. Bd1 b5 36. Qe1 Qd4 37. Qd2 Rd8 38. Kh4 e3 39. Qb2 Qxf4 0-1

[Event "Figueira da Foz op"]
[Site "Figueira da Foz POR"]
[Date "2017.11.04"]
[Round "8.13"]
[White "Piasetski, Leon"]
[Black "Adams, Philip"]
[Result "1-0"]
[WhiteElo "2286"]
[BlackElo "2004"]
[PlyCount "79"]
[GameId "2130307625659364"]
[EventDate "2017.10.29"]
[EventType "swiss"]
[EventRounds "9"]
[EventCountry "POR"]
[SourceTitle "10 Days #524"]
[Source "Chess Mix"]
[SourceDate "2017.11.10"]
[SourceVersion "1"]
[SourceVersionDate "2017.11.10"]
[SourceQuality "1"]

1. Nf3 d6 2. d4 Nf6 3. c4 g6 4. Nc3 Bg7 5. e4 O-O 6. Be2 Bg4 7. Be3 a6 8. Qd2 Nfd7 9. Ng1 Bxe2 10. Ngxe2 c5 11. h4 cxd4 12. Nxd4 Ne5 13. b3 Ng4 14. Bf4 Qb6 15. Be3 Nxe3 16. fxe3 e6 17. h5 Nd7 18. hxg6 hxg6 19. O-O-O Rfc8 20. Na4 Qd8 21. Kb1 Qf6 22. Nc3 Qe5 23. Rc1 Nc5 24. Rh4 Rab8 25. Nf3 Qf6 26. Qxd6 g5 27. Rg4 b5 28. cxb5 axb5 29. Rxg5 b4 30. Rxc5 bxc3 31. R5xc3 Rd8 32. Qg3 Rbc8 33. Nd4 Rxc3 34. Rxc3 Rxd4 35. exd4 Qxd4 36. Qb8+ Kh7 37. Rh3+ Kg6 38. Qg3+ Kf6 39. e5+ Ke7 40. Qh4+ 1-0

[Event "Figueira da Foz op"]
[Site "Figueira da Foz POR"]
[Date "2017.11.05"]
[Round "9.10"]
[White "Garcia Dorado, Alberto"]
[Black "Piasetski, Leon"]
[Result "0-1"]
[WhiteElo "2146"]
[BlackElo "2286"]
[PlyCount "68"]
[GameId "2130307625659383"]
[EventDate "2017.10.29"]
[EventType "swiss"]
[EventRounds "9"]
[EventCountry "POR"]
[SourceTitle "10 Days #524"]
[Source "Chess Mix"]
[SourceDate "2017.11.10"]
[SourceVersion "1"]
[SourceVersionDate "2017.11.10"]
[SourceQuality "1"]

1. d4 Nf6 2. Nf3 b6 3. g3 Bb7 4. Bg2 c5 5. dxc5 bxc5 6. c4 g6 7. b3 Bg7 8. Bb2 O-O 9. O-O d6 10. Nc3 Ne4 11. Qc2 Nxc3 12. Bxc3 Bxc3 13. Qxc3 Nd7 14. Rfe1 a5 15. Nd2 Bxg2 16. Kxg2 a4 17. Reb1 axb3 18. axb3 Ne5 19. b4 cxb4 20. Rxb4 Rxa1 21. Qxa1 Qa8+ 22. Qxa8 Rxa8 23. Rb2 Ra4 24. Rc2 Nd7 25. e3 f5 26. Kf3 Kf7 27. h4 e5 28. Ke2 Nc5 29. Nf3 h6 30. Kd2 Ra1 31. Ne1 e4 32. Ke2 Na4 33. Kd2 Nc5 34. Rb2 Rxe1 0-1